000 00892nam a22002177a 4500
003 LC
005 20160314102239.0
008 140130b xxu||||| |||| 00| 0 eng d
020 _a9780553841121
050 _aPS 3563 .A7239
_b.D36 2011
100 _aGeorge R.R Martin
245 _aA dance with dragons
_cGeorge R.R Martin
260 _aNew York :
_bBantam Books,
_c2011.
300 _a1112 p. :
_bill. ;
_c18 cm.
440 _aBook five of a song of ice and fire.
520 _aNew threats emerge to endanger the future of the Seven Kingdoms, as Daenerys Targaryen, ruling in the East, fights off a multitude of enemies, while Jon Snow, Lord Commander of the Night's Watch, faces his foes both in the Watch and beyond the great Wall of ice and stone.
650 _aFantasy fiction.
650 _aSeven kingdoms (Imaginary place) -- Fiction.
942 _2lcc
_cBK
999 _c35191
_d35191